Rah-e mohajerat : μια μελέτη περίπτωσης διασυνοριακής μετακίνησης

Αποθηκεύτηκε σε:
Λεπτομέρειες βιβλιογραφικής εγγραφής
Κύριος συγγραφέας: Μαυρομμάτη, Αικατερίνη Δημ
Συγγραφή απο Οργανισμό/Αρχή: Πανεπιστήμιο Αιγαίου. Σχολή Κοινωνικών Επιστημών. Τμήμα Κοινωνικής Ανθρωπολογίας και Ιστορίας. Πρόγραμμα Μεταπτυχιακών Σπουδών Κοινωνική και Ιστορική Ανθρωπολογία
Άλλοι συγγραφείς: Παπαταξιάρχης, Eυθύμιος, 1954- (Εισηγητής διατριβής)
Μορφή: Thesis Βιβλίο
Γλώσσα:Greek
Δημοσίευση: 2011
Θέματα:
Διαθέσιμο Online:http://hdl.handle.net/11610/14532
Ετικέτες: Προσθήκη ετικέτας
Δεν υπάρχουν, Καταχωρήστε ετικέτα πρώτοι!

MARC

LEADER 00000cam a2200000 i 4500
001 1/15191
008 110928s2011 gre d
035 |l 10110878 
040 |a GR-MY-UA  |b gre  |e aacr 
041 0 |a gre 
082 0 |a 304.8  |2 (22) 
100 1 |a Μαυρομμάτη, Αικατερίνη Δημ. 
245 1 0 |a Rah-e mohajerat :  |b μια μελέτη περίπτωσης διασυνοριακής μετακίνησης /  |c Μαυρομμάτη Αικατερίνη ; επιβλέπων καθηγητής: Παπαταξιάρχης Ευθύμιος 
260 |c 2011 
300 |a 46 σ.;  |c 30 εκ. 
500 |a Βιβλιογραφία: σ. 43-46 
502 |a Διατριβή (μεταπτυχιακή) – Πανεπιστήμιο Αιγαίου, Λέσβος, 2011. 
650 0 0 |a Immigrants  |z Greece  |x Personal narratives. 
650 0 0 |a Immigrants  |z Greece  |x Social conditions. 
650 0 0 |a Dissertations, Academic  |z Greece. 
700 1 |4 ths  |a Παπαταξιάρχης, Eυθύμιος,   |d 1954- 
710 2 |a Πανεπιστήμιο Αιγαίου.   |b Σχολή Κοινωνικών Επιστημών.   |b Τμήμα Κοινωνικής Ανθρωπολογίας και Ιστορίας.   |b Πρόγραμμα Μεταπτυχιακών Σπουδών Κοινωνική και Ιστορική Ανθρωπολογία. 
852 |a INST  |b LESVOS  |c DIATR  |e 20110928  |h 183  |p 005100051528  |q 005100051528  |t MTXE  |y 23 
852 |a INST  |b LESVOS  |c DIATR  |e 20110928  |h 184  |p 005100051527  |q 005100051527  |t MTXE  |y 23 
856 |u http://hdl.handle.net/11610/14532 
901 |a BIBL1-2011-3 
909 |a Λ  |b 171641 
909 |a Λ  |b 171642 
924 |a ΜΑΥΡΟΜΜΑΤΗ  |b ΑΙΚΑΤΕΡΙΝΗ  |y ΛΕΣΒΟΣ  |z 2011-05 
970 |a ΤΖΑΦΕΡΗ  |b ΕΥΑΓΓΕΛΙΑ  |z 2011/09/25